Statistiche per CONTINUA LA CANZONE! #1

Clicka qui per fare il quiz!

Statistiche generali

  • Questo quiz è stato fatto 139 volte
  • Il punteggio medio è 5 su 14

Statistiche sulle risposte

HintRisposta% Corretto
LA NOTTE (Arisa)

Ma quando arriva la notte, la notte
E resto sola con me
La testa parte e va in giro
In cerca dei --- ---
suoi perchè
77%
LA NOTTE VOLA (Lorella Cuccarini)

E vola
Con quanto fiato in gola
Il buio ti innamora
Qualcuno ti consola
La notte vola
All'ombra di un respiro
Io ti sarò vicino
Ti prego resta --- ---
sempre bambino
75%
SUPEREROI (Mr Rain)

Camminerò
A un passo da te
E fermeremo il vento come dentro agli uragani
Supereroi
--- --- --- ---
Come io e te
65%
COMUNQUE ANDARE (Alessandra Amoroso)

Non mi importa se mi brucio la pelle
Se brucio i secondi le ore
Mi importa se mi vedi e cosa vedi
Sono qui davanti a te
Coi miei bagagli ho radunato --- --- ---
paure e desideri
52%
CENERE (Lazza)

Aiutami a sparire come cenere
Mi sento un nodo alla gola
--- --- --- --- ---
Nel buio balli da sola
49%
L'ESSENZIALE (Marco Mengoni)

Mentre il mondo cade a pezzi
Io compongo nuovi spazi e desideri che
Appartengono anche a te
Mentre il mondo cade a pezzi
--- --- --- --- --- --- --- ---
Mi allontano dagli eccessi e dalle cattive abitudini
35%
AMORE DISPERATO (Nada)

Lei ballerà tra le stelle accese
E scoprirà, scoprirà l’amore --- --- ---
l'amore disperato
31%
TANGO (Tananai)

Amore tra le palazzine a fuoco
La tua voce riconosco
Noi non siamo come loro
È bello, è bello, è bello
È bello stare così
Davanti a te in ginocchio
Sotto la scritta al neon di un sexy shop
Se amarsi dura più di un giorno
È meglio, è meglio
È meglio che non rimani qui
--- --- --- ---
io tornerò un lunedì
28%
GENERALE (Francesco De Gregori)

Generale, dietro la stazione
Lo vedi il treno che portava al sole?
Non fa più fermate, neanche per pisciare
Si va dritti a casa senza più pensare
Che la guerra è bella, anche se --- ---
--- --- --- --- ---
fa male che torneremo ancora a cantare
25%
ROSSO RELATIVO (Tiziano Ferro)

Il tuo è un rosso relativo senza macchia d'amore
Ma adesso canterà dentro di te per la gran solitudine
Forza, amati per questa sera, che domani torni in te
Ma non ti diverte perché --- --- --- --- ---
vuoi qualcosa di più facile
24%
IL MONDO (Jimmy Fontana)

Oh mondo
Soltanto adesso io ti guardo
Nel tuo silenzio io mi perdo
E sono niente accanto a te
Il mondo
Non si è fermato mai un momento
--- --- --- --- --- ---
La notte insegue sempre il giorno
21%
IL GATTO E LA VOLPE (Edoardo Bennato)

Puoi parlarci dei tuoi problemi, dei tuoi guai
I migliori, in questo campo siamo noi
È una ditta specializzata, fa un contratto e vedrai
Che non ti pentirai
Noi scopriamo talenti e non sbagliamo mai
--- --- --- --- --- ---
noi sapremo sfruttare le tue qualità
19%
#FUORI C'E IL SOLE (Lorenzo Fragola)

Oh-oh, oh-oh
È un'estate da vivere
Un'estate di noi
I Ray-Ban, la vodka, l'odore del mare
# Fuori c'è il sole
Lo vuoi condividere?
Sulla sabbia a rincorrere un pallone
--- --- --- --- --- --- ---
Come se la spiaggia fosse un privé
18%
SALIRO' (Daniele Silvestri)

Preferirei
Stare seduto sopra il ciglio di un vulcano
Mi brucerei
Ma salutandoti dall'alto con la mano.
E invece sto sdraiato
Senza fiato
Scotto --- --- --- --- --- --- --- ---
come il tagliolino al pesto che ho mangiato
13%

Distribuzione punteggi

Percentile per numero di risposta

Percentuale di utenti per punteggio

I tuoi punteggi nel tempo

Non hai fatto questo quiz